| 000 | 00618nam a2200217Ia 4500 | ||
|---|---|---|---|
| 003 | OSt | ||
| 005 | 20230511114903.0 | ||
| 008 | 210423s2008 xx 000 0 und d | ||
| 020 | _a9780763700669 | ||
| 040 | _cAL | ||
| 041 | _aeng | ||
| 082 |
_a576.8 _223 _bHALB |
||
| 100 |
_aHALL (Brian K);HALLGRIMSSON (Benedikt). _9102850 |
||
| 245 | _aStrickberger''s evolution. | ||
| 250 | _a4 | ||
| 260 |
_aBoston _bJones & Bartlett Publishers _c2008 |
||
| 300 |
_axv,760 _bHB |
||
| 365 | _cINR | ||
| 906 | _aevolution. ; Evolution: ; genes ; integration ; organisms ; populations. ; Strickberger''s | ||
| 942 |
_2ddc _cBK |
||
| 999 |
_c164187 _d164187 |
||